| 000 | 00338nam a22001337a 4500 | ||
|---|---|---|---|
| 020 | _a9780677054506 | ||
| 041 | _aENG | ||
| 100 | _aMohsenin.N .N | ||
| 245 | _aThermal Properties Of Foods And Agricultural materials | ||
| 260 |
_aNew York _bGordon And Breach Science Pub _c1980 |
||
| 300 | _a407 | ||
| 650 | _aAPE | ||
| 856 | _uAPE ( 03 ) | ||
| 999 |
_c1684 _d1684 |
||